Internationale Politik
Gespeichert in:
| 1. Verfasser: | |
|---|---|
| Format: | Buch |
| Sprache: | Deutsch |
| Veröffentlicht: |
Paderborn
Ferdinand Schöningh
2013
|
| Ausgabe: | 3. aktualisierte Auflage |
| Schriftenreihe: | UTB Politikwissenschaft
|
| Schlagworte: | |
| Tags: |
Keine Tags, Fügen Sie das erste Tag hinzu!
|
MARC
| LEADER | 00000nam a2200000 4500 | ||
|---|---|---|---|
| 001 | 0194691 | ||
| 005 | 20260129111555.9 | ||
| 020 | |a 978-3-8252-3831-5 | ||
| 041 | 0 | |a ger | |
| 044 | |a DE | ||
| 245 | 1 | 0 | |a Internationale Politik |c Frank Schimmelfenning |
| 250 | |a 3. aktualisierte Auflage | ||
| 264 | 1 | |a Paderborn |b Ferdinand Schöningh |c 2013 | |
| 300 | |a 333 s. | ||
| 490 | 1 | |a UTB Politikwissenschaft | |
| 830 | 0 | |a UTB Politikwissenschaft | |
| 610 | 2 | 0 | |a politika medzinárodná |
| 610 | 2 | 0 | |a teórie politické |
| 610 | 2 | 0 | |a moc politická |
| 610 | 2 | 0 | |a nezávislosť |
| 610 | 2 | 0 | |a inštitucionalizmus |
| 610 | 2 | 0 | |a nacionalizmus |
| 610 | 2 | 0 | |a štát |
| 610 | 2 | 0 | |a spoločnosť |
| 610 | 2 | 0 | |a liberalizmus |
| 610 | 2 | 0 | |a vzťahy medzinárodné |
| 610 | 2 | 0 | |a vojny |
| 610 | 2 | 0 | |a kooperácia |
| 610 | 2 | 0 | |a bezpečnosť |
| 610 | 2 | 0 | |a hospodárstvo svetové |
| 610 | 2 | 0 | |a obchod svetový |
| 610 | 2 | 0 | |a práva ľudské |
| 610 | 2 | 0 | |a integrácia ekonomická medzinárodná |
| 610 | 2 | 0 | |a únie menové |
| 610 | 2 | 0 | |a Európska únia |
| 100 | 1 | |a Schimmelfenning, Frank | |